[Event "World Youth & Cadets Rapid Championships"]
[Site "Rhodes, Greece"]
[Date "2022.05.01"]
[Round "3.23"]
[White "Verbytski, Oleg"]
[Black "Hanache, Kai"]
[Result "0-1"]
[TimeControl "10'/game & 5\"/move"]
[WhiteElo "1374"]
[BlackElo "1561"]

1. e4 {[%clk 00:10:07]} {[%emt 00:00:02]} c5 {[%clk 00:10:08]} {[%emt
00:00:03]} 2. Nf3 {[%clk 00:10:10]} {[%emt 00:00:01]} Nc6 {[%clk 00:10:12]} 3.
d4 {[%clk 00:10:14]} {[%emt 00:00:03]} cxd4 4. Nxd4 d6 {[%clk 00:10:18]} 5. Nc3
{[%clk 00:10:20]} {[%emt 00:00:01]} Bd7 {[%clk 00:10:22]} {[%emt 00:00:01]} 6.
Be2 {[%clk 00:10:19]} {[%emt 00:00:07]} Nf6 {[%clk 00:10:25]} {[%emt 00:00:02]}
7. O-O {[%clk 00:10:14]} {[%emt 00:00:10]} g6 {[%clk 00:10:29]} {[%emt
00:00:02]} 8. Be3 {[%clk 00:10:09]} {[%emt 00:00:09]} Bg7 {[%clk 00:10:32]}
{[%emt 00:00:01]} 9. f4 {[%clk 00:10:12]} {[%emt 00:00:02]} O-O {[%clk
00:10:24]} {[%emt 00:00:14]} 10. Nb3 {[%clk 00:09:19]} {[%emt 00:00:59]} a6
{[%clk 00:10:23]} {[%emt 00:00:05]} 11. Qe1 {[%clk 00:09:21]} {[%emt 00:00:02]}
Rc8 {[%clk 00:10:23]} {[%emt 00:00:05]} 12. Qg3 {[%clk 00:09:24]} {[%emt
00:00:02]} Qc7 {[%clk 00:10:08]} {[%emt 00:00:21]} 13. a3 {[%clk 00:09:18]}
{[%emt 00:00:11]} Rfe8 {[%clk 00:10:04]} {[%emt 00:00:09]} 14. Rad1 {[%clk
00:09:21]} {[%emt 00:00:02]} b5 {[%clk 00:10:04]} {[%emt 00:00:05]} 15. Nd4
{[%clk 00:08:37]} {[%emt 00:00:49]} Nh5 {[%clk 00:09:42]} {[%emt 00:00:26]} 16.
Bxh5 {[%clk 00:08:39]} {[%emt 00:00:03]} Nxd4 {[%clk 00:09:34]} {[%emt
00:00:14]} 17. Rxd4 {[%clk 00:07:57]} {[%emt 00:00:47]} e5 {[%clk 00:09:18]}
{[%emt 00:00:21]} 18. Rdd1 {[%clk 00:07:51]} {[%emt 00:00:11]} exf4 {[%clk
00:08:06]} {[%emt 00:01:18]} 19. Bxf4 {[%clk 00:07:51]} {[%emt 00:00:04]} Qc5+
{[%clk 00:07:58]} {[%emt 00:00:13]} 20. Kh1 {[%clk 00:07:49]} {[%emt 00:00:07]}
Qxh5 {[%clk 00:08:01]} {[%emt 00:00:03]} 21. Rxd6 {[%clk 00:07:51]} {[%emt
00:00:02]} Bxc3 {[%clk 00:07:53]} {[%emt 00:00:13]} 22. bxc3 {[%clk 00:07:40]}
{[%emt 00:00:17]} Be6 {[%clk 00:07:38]} {[%emt 00:00:19]} 23. Rg1 {[%clk
00:06:50]} {[%emt 00:00:56]} Rc4 {[%clk 00:07:14]} {[%emt 00:00:27]} 24. Rd4
{[%clk 00:06:18]} {[%emt 00:00:40]} Rec8 {[%clk 00:07:07]} {[%emt 00:00:12]} 25.
Rxc4 {[%clk 00:06:13]} {[%emt 00:00:10]} Rxc4 {[%clk 00:07:09]} {[%emt
00:00:04]} 26. Qd3 {[%clk 00:06:03]} {[%emt 00:00:14]} Qc5 {[%clk 00:06:56]}
{[%emt 00:00:12]} 27. Bh6 {[%clk 00:06:04]} {[%emt 00:00:10]} Qc7 {[%clk
00:06:35]} {[%emt 00:00:27]} 28. Qf3 {[%clk 00:05:30]} {[%emt 00:00:39]} Qe5
{[%clk 00:06:00]} {[%emt 00:00:38]} 29. Rd1 {[%clk 00:05:26]} {[%emt 00:00:10]}
f6 {[%clk 00:06:04]} {[%emt 00:00:02]} 30. Rd8+ {[%clk 00:04:26]} {[%emt
00:01:05]} Kf7 {[%clk 00:06:06]} {[%emt 00:00:04]} 31. Rh8 {[%clk 00:03:52]}
{[%emt 00:00:38]} Rxe4 {[%clk 00:05:50]} {[%emt 00:00:21]} 32. Rxh7+ {[%clk
00:03:15]} {[%emt 00:00:42]} Ke8 {[%clk 00:05:54]} 33. Rh8+ {[%clk 00:03:10]}
{[%emt 00:00:10]} Kd7 {[%clk 00:05:41]} {[%emt 00:00:15]} 34. Qd3+ {[%clk
00:03:13]} {[%emt 00:00:06]} Bd5 {[%clk 00:05:42]} {[%emt 00:00:03]} 35. Kg1
{[%clk 00:02:49]} {[%emt 00:00:30]} Rg4 {[%clk 00:04:35]} {[%emt 00:01:12]} 36.
Rh7+ {[%clk 00:01:59]} {[%emt 00:00:55]} Kc6 {[%clk 00:04:20]} {[%emt
00:00:23]} 37. Qe3 Rxg2+ {[%clk 00:02:46]} {[%emt 00:00:24]} 38. Kf1 {[%clk
00:01:46]} Qxe3 {[%clk 00:02:46]} 39. Bxe3 {[%clk 00:01:46]} {[%emt 00:01:45]}
Rxc2 {[%clk 00:02:21]} {[%emt 00:00:03]} 40. Bd4 {[%clk 00:01:46]} f5 41. Rg7
{[%clk 00:01:49]} Rg2 42. h4 {[%clk 00:01:49]} Rg4 {[%clk 00:01:47]} {[%emt
00:01:11]} 43. Bf6 {[%clk 00:01:35]} f4 {[%clk 00:01:35]} {[%emt 00:00:55]} 44.
Bg5 {[%clk 00:01:38]} f3 {[%clk 00:01:29]} 45. Rxg6+ Kb7 {[%emt 00:00:08]} 46.
Rg7+ {[%clk 00:01:35]} {[%emt 00:00:05]} Kc8 {[%clk 00:01:22]} {[%emt
00:00:09]} 47. h5 {[%clk 00:01:25]} {[%emt 00:00:18]} Rg2 {[%clk 00:01:26]}
{[%emt 00:00:01]} 48. h6 {[%clk 00:01:28]} {[%emt 00:00:02]} Bc4+ {[%clk
00:01:28]} {[%emt 00:00:03]} 49. Ke1 {[%clk 00:01:29]} {[%emt 00:00:04]} f2+
{[%clk 00:01:32]} {[%emt 00:00:02]} 50. Kd2 {[%clk 00:01:33]} f1=Q+ {[%clk
00:01:33]} {[%emt 00:00:05]} 51. Ke3 {[%clk 00:01:37]} Qd3+ {[%clk 00:01:33]}
{[%emt 00:00:05]} 52. Kf4 {[%clk 00:01:41]} {[%emt 00:00:02]} Rf2+ {[%clk
00:01:36]} {[%emt 00:00:02]} 53. Ke5 {[%clk 00:01:43]} {[%emt 00:00:02]} Qd5#
{[%clk 00:01:38]} {[%emt 00:00:03]} 0-1

[Event "World Youth & Cadets Rapid Championships"]
[Site "Rhodes, Greece"]
[Date "2022.05.01"]
[Round "3.24"]
[White "Kovacs, Abel"]
[Black "Jalving, August"]
[Result "0-1"]
[TimeControl "10'/game & 5\"/move"]
[WhiteElo "1267"]
[BlackElo "1538"]

1. e4 {[%clk 00:10:08]} {[%emt 00:00:02]} c6 {[%clk 00:10:09]} 2. d4 {[%clk
00:10:11]} {[%emt 00:00:01]} d5 {[%clk 00:10:13]} {[%emt 00:00:02]} 3. Nc3
{[%clk 00:10:05]} {[%emt 00:00:10]} dxe4 {[%clk 00:10:17]} {[%emt 00:00:01]} 4.
Nxe4 {[%clk 00:10:06]} {[%emt 00:00:04]} Nf6 {[%clk 00:10:21]} {[%emt
00:00:02]} 5. Nxf6+ {[%clk 00:09:59]} {[%emt 00:00:11]} exf6 {[%clk 00:10:23]}
{[%emt 00:00:03]} 6. Nf3 {[%clk 00:10:00]} {[%emt 00:00:05]} Bd6 {[%clk
00:10:26]} {[%emt 00:00:02]} 7. Bd3 {[%clk 00:09:55]} {[%emt 00:00:10]} O-O
{[%clk 00:10:29]} {[%emt 00:00:02]} 8. O-O {[%clk 00:09:53]} {[%emt 00:00:06]}
Re8 {[%clk 00:10:30]} {[%emt 00:00:05]} 9. Be3 {[%clk 00:09:52]} {[%emt
00:00:06]} Nd7 {[%clk 00:10:33]} {[%emt 00:00:02]} 10. Re1 {[%clk 00:09:46]}
{[%emt 00:00:10]} Nf8 {[%clk 00:10:36]} {[%emt 00:00:02]} 11. Nh4 {[%clk
00:09:23]} {[%emt 00:00:28]} Qc7 {[%clk 00:09:54]} {[%emt 00:00:48]} 12. g3
{[%clk 00:08:51]} {[%emt 00:00:37]} Bh3 {[%clk 00:09:14]} {[%emt 00:00:45]} 13.
Bf5 {[%clk 00:08:13]} {[%emt 00:00:42]} Bxf5 {[%clk 00:09:05]} {[%emt
00:00:15]} 14. Nxf5 {[%clk 00:08:14]} {[%emt 00:00:03]} Ne6 {[%clk 00:08:48]}
{[%emt 00:00:22]} 15. Qd3 {[%clk 00:07:23]} {[%emt 00:00:57]} g6 {[%clk
00:08:28]} {[%emt 00:00:24]} 16. Nh6+ {[%clk 00:07:15]} {[%emt 00:00:13]} Kg7
{[%clk 00:08:26]} {[%emt 00:00:08]} 17. Rad1 {[%clk 00:06:37]} {[%emt
00:00:42]} f5 {[%clk 00:08:21]} {[%emt 00:00:11]} 18. d5 {[%clk 00:05:47]}
{[%emt 00:00:55]} cxd5 {[%clk 00:08:20]} {[%emt 00:00:06]} 19. Qxd5 {[%clk
00:05:39]} {[%emt 00:00:12]} Rad8 {[%clk 00:08:19]} {[%emt 00:00:06]} 20. Nxf5+
{[%clk 00:05:15]} {[%emt 00:00:29]} gxf5 {[%clk 00:08:13]} {[%emt 00:00:12]} 21.
Qxf5 {[%clk 00:05:11]} {[%emt 00:00:08]} Be7 {[%clk 00:06:52]} {[%emt
00:01:27]} 22. Qg4+ {[%clk 00:04:48]} {[%emt 00:00:27]} Kh8 {[%clk 00:06:40]}
{[%emt 00:00:17]} 23. Rxd8 {[%clk 00:04:07]} {[%emt 00:00:47]} Rxd8 {[%clk
00:06:22]} {[%emt 00:00:23]} 24. Bh6 {[%clk 00:03:29]} {[%emt 00:00:42]} Bf6
{[%clk 00:06:22]} {[%emt 00:00:05]} 25. f4 {[%clk 00:02:21]} {[%emt 00:01:13]}
Qc5+ {[%clk 00:06:10]} {[%emt 00:00:17]} 26. Kh1 {[%clk 00:01:54]} {[%emt
00:00:31]} Rd2 {[%clk 00:06:12]} {[%emt 00:00:04]} 27. f5 {[%clk 00:01:38]}
{[%emt 00:00:21]} Qd5+ {[%clk 00:06:03]} {[%emt 00:00:14]} 28. Kg1 {[%clk
00:00:38]} {[%emt 00:01:06]} Qg2# {[%clk 00:06:06]} {[%emt 00:00:02]} 0-1

[Event "World Youth & Cadets Rapid Championships"]
[Site "Rhodes, Greece"]
[Date "2022.05.01"]
[Round "3.25"]
[White "Gabadadze, Gabriel"]
[Black "Shilon Rahav, Eliran"]
[Result "0-1"]
[TimeControl "10'/game & 5\"/move"]
[WhiteElo "1230"]
[BlackElo "1491"]

1. e4 {[%emt 00:07:50]} c5 {[%clk 00:10:10]} 2. Nf3 {[%clk 00:10:14]} a6 {[%clk
00:10:12]} {[%emt 00:00:03]} 3. c3 {[%clk 00:10:17]} {[%emt 00:00:02]} g6
{[%clk 00:10:14]} {[%emt 00:00:03]} 4. d4 {[%clk 00:10:19]} {[%emt 00:00:02]}
cxd4 {[%clk 00:10:16]} {[%emt 00:00:03]} 5. cxd4 {[%clk 00:10:23]} {[%emt
00:00:01]} d5 {[%clk 00:10:20]} {[%emt 00:00:02]} 6. e5 {[%clk 00:10:25]}
{[%emt 00:00:02]} Nc6 {[%clk 00:10:13]} 7. Nc3 {[%clk 00:10:22]} {[%emt
00:00:20]} Bg4 {[%clk 00:10:14]} 8. Be3 {[%clk 00:10:16]} {[%emt 00:00:16]} e6
{[%clk 00:10:08]} 9. h3 {[%clk 00:10:14]} {[%emt 00:00:17]} Bxf3 {[%clk
00:10:05]} 10. Qxf3 {[%clk 00:10:15]} {[%emt 00:00:12]} Bg7 {[%clk 00:10:02]}
11. Bd3 {[%clk 00:10:02]} {[%emt 00:00:26]} Nge7 {[%clk 00:09:28]} 12. O-O
{[%clk 00:09:57]} {[%emt 00:00:49]} O-O {[%clk 00:09:25]} 13. Rad1 {[%clk
00:09:39]} {[%emt 00:00:31]} h6 {[%emt 00:00:29]} 14. Bb1 Rc8 {[%clk 00:09:04]}
{[%emt 00:00:26]} 15. Na4 {[%clk 00:08:50]} {[%emt 00:00:34]} Nf5 {[%clk
00:08:26]} {[%emt 00:00:44]} 16. Bxf5 {[%clk 00:08:34]} {[%emt 00:00:22]} gxf5
{[%clk 00:08:25]} {[%emt 00:00:05]} 17. Nc5 {[%clk 00:08:07]} {[%emt 00:00:33]}
Qc7 {[%clk 00:07:11]} {[%emt 00:01:19]} 18. Rc1 {[%clk 00:07:46]} {[%emt
00:00:25]} Kh7 {[%clk 00:05:36]} {[%emt 00:01:41]} 19. Nd3 {[%clk 00:07:29]}
{[%emt 00:00:22]} f6 {[%clk 00:05:00]} {[%emt 00:00:40]} 20. Nf4 {[%clk
00:06:52]} {[%emt 00:00:42]} Qf7 {[%emt 00:00:28]} 21. exf6 {[%clk 00:06:22]}
{[%emt 00:00:22]} Bxf6 {[%emt 00:00:29]} 22. Rfd1 {[%clk 00:05:17]} {[%emt
00:00:47]} Nxd4 23. Bxd4 {[%clk 00:04:44]} Rxc1 {[%clk 00:03:43]} {[%emt
00:00:06]} 24. Rxc1 {[%clk 00:04:44]} {[%emt 00:00:05]} Bxd4 {[%clk 00:03:43]}
{[%emt 00:00:05]} 25. Re1 {[%clk 00:03:22]} {[%emt 00:01:27]} e5 {[%clk
00:01:51]} {[%emt 00:01:56]} 26. Nxd5 {[%clk 00:03:07]} {[%emt 00:00:20]} e4
{[%clk 00:01:47]} {[%emt 00:00:09]} 27. Qb3 {[%emt 00:00:57]} Rd8 {[%clk
00:00:59]} 28. Nf4 {[%clk 00:02:03]} {[%emt 00:01:09]} Qxb3 {[%clk 00:00:59]}
{[%emt 00:00:07]} 29. axb3 {[%clk 00:02:06]} {[%emt 00:00:01]} Bxb2 {[%clk
00:00:57]} {[%emt 00:00:07]} 30. Ne6 {[%clk 00:00:57]} {[%emt 00:01:14]} Rd3
{[%clk 00:00:20]} {[%emt 00:00:43]} 31. Nc5 {[%clk 00:00:32]} {[%emt 00:00:28]}
Rc3 {[%clk 00:00:13]} {[%emt 00:00:13]} 32. Nxb7 {[%clk 00:00:30]} {[%emt
00:00:08]} Rxb3 {[%clk 00:00:15]} {[%emt 00:00:03]} 33. Nc5 {[%clk 00:00:23]}
{[%emt 00:00:11]} Ra3 {[%clk 00:00:18]} {[%emt 00:00:02]} 34. Rb1 {[%clk
00:00:15]} {[%emt 00:00:12]} Bd4 {[%clk 00:00:18]} {[%emt 00:00:05]} 35. Rb7+
{[%clk 00:00:15]} {[%emt 00:00:05]} Kg6 {[%clk 00:00:21]} {[%emt 00:00:02]} 36.
Nb3 {[%clk 00:00:12]} {[%emt 00:00:09]} Be5 {[%clk 00:00:14]} {[%emt 00:00:12]}
37. g3 {[%clk 00:00:14]} {[%emt 00:00:03]} a5 {[%clk 00:00:17]} {[%emt
00:00:02]} 38. Kg2 {[%clk 00:00:14]} {[%emt 00:00:04]} a4 {[%clk 00:00:20]}
{[%emt 00:00:03]} 39. Nc5 {[%clk 00:00:17]} {[%emt 00:00:01]} Ra2 {[%clk
00:00:21]} {[%emt 00:00:04]} 40. Rb6+ {[%clk 00:00:10]} {[%emt 00:00:12]} Kf7
{[%clk 00:00:18]} {[%emt 00:00:06]} 41. Rb7+ {[%clk 00:00:09]} {[%emt
00:00:08]} Ke8 {[%clk 00:00:17]} {[%emt 00:00:05]} 42. Ne6 {[%clk 00:00:12]}
{[%emt 00:00:03]} a3 {[%clk 00:00:13]} {[%emt 00:00:09]} 43. Ra7 {[%clk
00:00:15]} {[%emt 00:00:03]} Ra1 {[%clk 00:00:14]} {[%emt 00:00:03]} 44. Nc5
{[%clk 00:00:17]} {[%emt 00:00:02]} Bd4 {[%clk 00:00:09]} {[%emt 00:00:10]} 45.
Ra8+ {[%clk 00:00:21]} {[%emt 00:00:03]} Ke7 {[%clk 00:00:13]} 46. Nb3 {[%clk
00:00:25]} {[%emt 00:00:02]} Rd1 {[%clk 00:00:10]} {[%emt 00:00:08]} 47. Nxd4
{[%clk 00:00:22]} {[%emt 00:00:08]} Rxd4 {[%clk 00:00:13]} {[%emt 00:00:01]} 48.
Rxa3 {[%clk 00:00:25]} {[%emt 00:00:02]} Rd2 {[%clk 00:00:15]} {[%emt
00:00:04]} 49. Ra6 {[%clk 00:00:26]} {[%emt 00:00:04]} e3 {[%clk 00:00:16]}
{[%emt 00:00:03]} 50. Rxh6 {[%clk 00:00:22]} {[%emt 00:00:09]} e2 {[%clk
00:00:20]} {[%emt 00:00:01]} 0-1

[Event "World Youth & Cadets Rapid Championships"]
[Site "Rhodes, Greece"]
[Date "2022.05.01"]
[Round "3.26"]
[White "Bryant, Harry"]
[Black "Zhao, George"]
[Result "1/2-1/2"]
[TimeControl "10'/game & 5\"/move"]
[WhiteElo "1207"]
[BlackElo "1461"]

1. e4 {[%clk 00:10:09]} e6 {[%clk 00:10:10]} 2. d4 {[%clk 00:10:13]} d5 {[%clk
00:10:14]} 3. Nd2 {[%clk 00:10:17]} c5 {[%clk 00:10:16]} {[%emt 00:00:02]} 4.
exd5 {[%clk 00:10:20]} {[%emt 00:00:03]} Qxd5 {[%clk 00:10:20]} {[%emt
00:00:02]} 5. c4 {[%clk 00:10:11]} {[%emt 00:00:14]} Qxd4 {[%clk 00:10:20]}
{[%emt 00:00:05]} 6. Ngf3 {[%clk 00:10:14]} {[%emt 00:00:02]} Qd8 {[%clk
00:10:22]} {[%emt 00:00:02]} 7. Be2 {[%clk 00:10:18]} {[%emt 00:00:02]} Nf6
{[%clk 00:10:25]} {[%emt 00:00:02]} 8. O-O {[%clk 00:10:21]} {[%emt 00:00:02]}
Nc6 {[%clk 00:10:28]} {[%emt 00:00:02]} 9. Qc2 {[%clk 00:10:24]} {[%emt
00:00:02]} Be7 {[%clk 00:10:30]} {[%emt 00:00:03]} 10. b3 {[%clk 00:10:28]} O-O
{[%clk 00:10:29]} {[%emt 00:00:05]} 11. Bb2 {[%clk 00:10:33]} {[%emt 00:00:01]}
b6 {[%clk 00:10:28]} {[%emt 00:00:05]} 12. Rad1 {[%clk 00:10:37]} Qc7 {[%clk
00:10:31]} {[%emt 00:00:03]} 13. Ne4 {[%clk 00:10:35]} {[%emt 00:00:07]} Nxe4
{[%clk 00:10:34]} {[%emt 00:00:02]} 14. Qxe4 {[%clk 00:10:39]} {[%emt
00:00:02]} Bb7 {[%clk 00:10:33]} {[%emt 00:00:06]} 15. Bd3 {[%clk 00:10:41]}
{[%emt 00:00:03]} g6 {[%clk 00:10:00]} {[%emt 00:00:38]} 16. Qe1 {[%clk
00:10:39]} {[%emt 00:00:05]} Rad8 {[%clk 00:09:38]} {[%emt 00:00:28]} 17. Qd2
{[%clk 00:10:41]} {[%emt 00:00:04]} Nd4 {[%clk 00:09:26]} {[%emt 00:00:17]} 18.
Nxd4 {[%clk 00:10:09]} {[%emt 00:00:36]} cxd4 {[%clk 00:09:29]} {[%emt
00:00:03]} 19. f4 {[%clk 00:10:07]} {[%emt 00:00:07]} Qc6 {[%clk 00:09:14]}
{[%emt 00:00:21]} 20. Rfe1 {[%clk 00:10:04]} {[%emt 00:00:07]} Bb4 {[%clk
00:09:11]} {[%emt 00:00:07]} 21. Qf2 {[%clk 00:08:58]} {[%emt 00:01:11]} Bxe1
{[%clk 00:09:13]} {[%emt 00:00:03]} 22. Rxe1 {[%clk 00:09:02]} {[%emt
00:00:01]} Rfe8 {[%clk 00:09:11]} {[%emt 00:00:07]} 23. Be4 {[%clk 00:08:57]}
{[%emt 00:00:09]} Qd7 {[%clk 00:08:52]} {[%emt 00:00:24]} 24. Bxb7 {[%clk
00:09:01]} {[%emt 00:00:02]} Qxb7 {[%clk 00:08:54]} {[%emt 00:00:02]} 25. Bxd4
{[%clk 00:09:04]} {[%emt 00:00:02]} Qe7 {[%clk 00:08:49]} {[%emt 00:00:10]} 26.
Qb2 {[%clk 00:09:02]} {[%emt 00:00:08]} f6 {[%clk 00:08:27]} {[%emt 00:00:27]}
27. Bxf6 {[%clk 00:09:01]} {[%emt 00:00:06]} Qc5+ {[%clk 00:08:31]} 28. Kh1
{[%clk 00:09:02]} {[%emt 00:00:03]} Rd7 {[%clk 00:08:35]} {[%emt 00:00:02]} 29.
Qe2 {[%clk 00:08:40]} {[%emt 00:00:26]} Qf5 {[%clk 00:08:23]} {[%emt 00:00:17]}
30. Be5 {[%clk 00:08:31]} {[%emt 00:00:14]} Red8 {[%clk 00:08:08]} {[%emt
00:00:21]} 31. Qf2 {[%clk 00:08:27]} {[%emt 00:00:09]} Rd2 {[%clk 00:07:57]}
{[%emt 00:00:16]} 32. Qh4 {[%clk 00:08:28]} {[%emt 00:00:04]} Rd1 {[%clk
00:07:12]} {[%emt 00:00:51]} 33. h3 {[%emt 00:00:28]} Rxe1+ {[%clk 00:07:01]}
34. Qxe1 {[%clk 00:08:21]} {[%emt 00:00:03]} Qc2 {[%clk 00:06:52]} {[%emt
00:00:15]} 35. Qh4 {[%clk 00:08:19]} {[%emt 00:00:06]} Rf8 {[%clk 00:06:16]}
{[%emt 00:00:36]} 36. Qe7 {[%clk 00:08:19]} {[%emt 00:00:09]} Rf7 {[%clk
00:05:09]} {[%emt 00:01:13]} 37. Qe8+ {[%clk 00:08:22]} {[%emt 00:00:02]} Rf8
{[%clk 00:05:12]} 38. Qxe6+ {[%clk 00:08:22]} {[%emt 00:00:05]} Rf7 {[%clk
00:05:16]} {[%emt 00:00:02]} 39. Qe8+ {[%clk 00:08:20]} {[%emt 00:00:07]} Rf8
{[%clk 00:05:19]} {[%emt 00:00:01]} 40. Qe6+ {[%clk 00:08:13]} {[%emt
00:00:12]} Rf7 {[%clk 00:05:09]} {[%emt 00:00:15]} 41. Qe8+ {[%clk 00:08:18]}
Rf8 {[%clk 00:05:07]} {[%emt 00:00:07]} 42. Qe6+ {[%clk 00:08:22]} {[%emt
00:00:01]} Rf7 {[%clk 00:05:09]} {[%emt 00:00:03]} 43. Qe8+ {[%clk 00:08:25]}
Rf8 {[%clk 00:05:09]} {[%emt 00:00:01]} 1/2-1/2

[Event "World Youth & Cadets Rapid Championships"]
[Site "Rhodes, Greece"]
[Date "2022.05.01"]
[Round "3.27"]
[White "Modith, Aaroh Mutyalapati"]
[Black "Ashwath, Kaushik"]
[Result "0-1"]
[TimeControl "10'/game & 5\"/move"]
[WhiteElo "1598"]
[BlackElo "1283"]

1. e4 {[%clk 00:10:09]} c5 {[%clk 00:10:08]} {[%emt 00:00:02]} 2. Nf3 {[%emt
00:00:02]} a6 {[%clk 00:10:12]} 3. d4 {[%clk 00:10:14]} {[%emt 00:00:04]} cxd4
{[%clk 00:10:15]} {[%emt 00:00:03]} 4. Nxd4 {[%clk 00:10:17]} {[%emt 00:00:01]}
Nf6 {[%clk 00:10:17]} {[%emt 00:00:03]} 5. Nc3 {[%clk 00:10:22]} e5 {[%clk
00:10:20]} {[%emt 00:00:01]} 6. Nf3 {[%clk 00:10:24]} {[%emt 00:00:02]} Bb4
{[%clk 00:10:22]} {[%emt 00:00:03]} 7. Nxe5 {[%clk 00:10:05]} {[%emt 00:00:24]}
Qe7 {[%clk 00:10:25]} {[%emt 00:00:02]} 8. Nd3 {[%clk 00:09:49]} {[%emt
00:00:22]} Nxe4 {[%clk 00:10:04]} {[%emt 00:00:26]} 9. Qe2 {[%clk 00:09:23]}
{[%emt 00:00:31]} Bxc3+ {[%clk 00:09:51]} {[%emt 00:00:18]} 10. bxc3 {[%clk
00:09:26]} {[%emt 00:00:02]} Nxc3 {[%clk 00:09:49]} {[%emt 00:00:07]} 11. Qxe7+
{[%clk 00:09:25]} {[%emt 00:00:02]} Kxe7 {[%clk 00:09:54]} 12. Ba3+ {[%clk
00:09:28]} {[%emt 00:00:07]} Kd8 {[%clk 00:09:50]} {[%emt 00:00:08]} 13. f3
{[%clk 00:08:58]} {[%emt 00:00:34]} Re8+ {[%clk 00:09:41]} {[%emt 00:00:15]} 14.
Kd2 {[%clk 00:09:02]} {[%emt 00:00:01]} Nb5 {[%clk 00:09:32]} {[%emt 00:00:14]}
15. Bc5 {[%clk 00:09:00]} {[%emt 00:00:07]} Re6 {[%clk 00:09:11]} {[%emt
00:00:25]} 16. a4 {[%clk 00:08:56]} {[%emt 00:00:10]} Nc7 {[%clk 00:09:10]}
{[%emt 00:00:06]} 17. Be2 {[%clk 00:08:55]} {[%emt 00:00:06]} b6 {[%emt
00:00:12]} 18. Bd4 {[%clk 00:08:46]} {[%emt 00:00:04]} f6 {[%clk 00:09:03]}
{[%emt 00:00:15]} 19. Rhe1 {[%clk 00:08:49]} {[%emt 00:00:02]} Bb7 {[%clk
00:08:31]} {[%emt 00:00:37]} 20. Bf1 {[%clk 00:08:44]} {[%emt 00:00:10]} b5
{[%clk 00:08:17]} {[%emt 00:00:20]} 21. Nc5 {[%clk 00:08:41]} {[%emt 00:00:07]}
Bd5 {[%clk 00:07:21]} {[%emt 00:01:01]} 22. Nxe6+ {[%clk 00:08:41]} {[%emt
00:00:05]} Nxe6 {[%clk 00:07:21]} {[%emt 00:00:05]} 23. axb5 {[%clk 00:08:39]}
{[%emt 00:00:04]} Nxd4 {[%clk 00:07:20]} {[%emt 00:00:08]} 24. bxa6 {[%clk
00:08:36]} {[%emt 00:00:08]} Nbc6 {[%clk 00:07:16]} {[%emt 00:00:09]} 25. Bd3
{[%clk 00:08:22]} {[%emt 00:00:20]} g6 {[%clk 00:06:56]} {[%emt 00:00:24]} 26.
Reb1 {[%clk 00:07:40]} {[%emt 00:00:47]} Kc8 {[%clk 00:04:09]} {[%emt
00:02:52]} 27. c4 {[%clk 00:07:25]} {[%emt 00:00:20]} Be6 {[%clk 00:03:57]}
{[%emt 00:00:17]} 28. Kc3 {[%clk 00:07:29]} {[%emt 00:00:02]} Bf5 {[%clk
00:03:14]} {[%emt 00:00:48]} 29. Bxf5 {[%clk 00:06:44]} {[%emt 00:00:50]} Nxf5
{[%clk 00:03:12]} {[%emt 00:00:07]} 30. Re1 {[%clk 00:06:38]} {[%emt 00:00:10]}
Kd8 {[%clk 00:02:53]} {[%emt 00:00:24]} 31. c5 {[%clk 00:06:37]} {[%emt
00:00:07]} Nfd4 {[%clk 00:02:26]} {[%emt 00:00:32]} 32. Reb1 {[%clk 00:06:03]}
{[%emt 00:00:39]} Ne2+ {[%emt 00:00:15]} 33. Kd2 {[%clk 00:04:57]} {[%emt
00:01:09]} Nf4 {[%clk 00:02:20]} {[%emt 00:00:02]} 34. g3 {[%clk 00:04:59]}
{[%emt 00:00:03]} Ne6 {[%clk 00:02:20]} {[%emt 00:00:06]} 35. Rb5 {[%clk
00:03:32]} {[%emt 00:01:33]} Ned4 {[%clk 00:02:19]} {[%emt 00:00:05]} 36. Rb6
{[%clk 00:03:28]} {[%emt 00:00:08]} Nxf3+ {[%clk 00:02:19]} {[%emt 00:00:05]}
37. Kd3 {[%clk 00:03:27]} {[%emt 00:00:06]} Nxh2 {[%clk 00:02:14]} {[%emt
00:00:10]} 38. Kc4 {[%clk 00:03:10]} {[%emt 00:00:22]} Nf3 {[%clk 00:02:03]}
{[%emt 00:00:17]} 39. Kd5 {[%clk 00:02:25]} {[%emt 00:00:49]} Nfe5 {[%clk
00:01:18]} {[%emt 00:00:50]} 40. Ra4 {[%clk 00:01:45]} {[%emt 00:00:46]} Kc7
{[%clk 00:00:45]} {[%emt 00:00:37]} 41. Rb7+ {[%clk 00:01:16]} {[%emt
00:00:34]} Kc8 {[%clk 00:00:41]} {[%emt 00:00:09]} 42. Rb6 {[%clk 00:01:18]}
{[%emt 00:00:04]} Kd8 {[%clk 00:00:38]} {[%emt 00:00:08]} 43. Rb7 {[%clk
00:00:44]} {[%emt 00:00:39]} Ne7+ {[%clk 00:00:28]} {[%emt 00:00:15]} 44. Kd4
{[%clk 00:00:29]} {[%emt 00:00:15]} N5c6+ {[%clk 00:00:22]} {[%emt 00:00:17]}
45. Kc4 {[%clk 00:00:27]} {[%emt 00:00:06]} Kc8 {[%clk 00:00:15]} {[%emt
00:00:12]} 46. Rb6 {[%clk 00:00:27]} {[%emt 00:00:05]} Nf5 {[%clk 00:00:16]}
{[%emt 00:00:04]} 47. Kc3 {[%clk 00:00:14]} {[%emt 00:00:18]} Nxg3 {[%clk
00:00:17]} {[%emt 00:00:05]} 48. Kc4 {[%clk 00:00:09]} {[%emt 00:00:09]} h5
{[%clk 00:00:18]} {[%emt 00:00:04]} 49. Ra3 {[%clk 00:00:09]} {[%emt 00:00:06]}
h4 {[%clk 00:00:21]} {[%emt 00:00:01]} 50. Rbb3 {[%clk 00:00:06]} {[%emt
00:00:07]} f5 {[%clk 00:00:20]} {[%emt 00:00:07]} 51. Re3 {[%clk 00:00:08]}
{[%emt 00:00:03]} Kc7 {[%clk 00:00:20]} {[%emt 00:00:05]} 52. Reb3 {[%clk
00:00:07]} {[%emt 00:00:07]} f4 {[%clk 00:00:20]} {[%emt 00:00:04]} 53. Rb7+
{[%clk 00:00:00]} {[%emt 00:00:07]} 0-1